産業化の時代(上)
Αποθηκεύτηκε σε:
| Κύριος συγγραφέας: | |
|---|---|
| Μορφή: | Βιβλίο |
| Γλώσσα: | Undetermined |
| Έκδοση: |
東京
岩波書店
1990
|
| Θέματα: | |
| Ετικέτες: |
Προσθήκη ετικέτας
Δεν υπάρχουν, Καταχωρήστε ετικέτα πρώτοι!
|
| Thư viện lưu trữ: | Trung tâm Học liệu Trường Đại học Cần Thơ |
|---|
| LEADER | 00540nam a2200193Ia 4500 | ||
|---|---|---|---|
| 001 | CTU_83289 | ||
| 008 | 210402s9999 xx 000 0 und d | ||
| 082 | |a 330.952 | ||
| 082 | |b N725 | ||
| 100 | |a 西川俊作(にしかわ しゅんさく) | ||
| 245 | 0 | |a 産業化の時代(上) | |
| 245 | 0 | |c 西川俊作, 阿部武司 | |
| 260 | |a 東京 | ||
| 260 | |b 岩波書店 | ||
| 260 | |c 1990 | ||
| 650 | |a Economic conditions | ||
| 650 | |z Japan | ||
| 904 | |i Ngoc, QHieu | ||
| 980 | |a Trung tâm Học liệu Trường Đại học Cần Thơ | ||